000 00584 a2200169 4500
020 _a0521140056
020 _a9780521140058
082 0 4 _a620.1064015186
090 _c821
_d821
100 1 _aDate, Anil W.
245 1 0 _aIntroduction to computational fluid dynamics /
_cAnil W. Date.
260 _a[S.l.] :
_bCambridge University Press,
_c2005
300 _a398 p. ;
_c26 cm.
700 _aDate, Anil W.
942 _aSNS
_cBK
_k620.1064015186 DAT
999 _c29445
_d29445